| 000 | 00881nam a22002537a 4500 | ||
|---|---|---|---|
| 999 |
_c16376 _d16376 |
||
| 003 | AR-CdUCM | ||
| 008 | 190503b ||||| |||| 00| 0 spa d | ||
| 040 |
_aMUNICIPALIDAD PROVINCIAL DEL CUSCO _cBIBLIOTECA MUNICIPAL DEL CUSCO |
||
| 041 | _hlat | ||
| 082 |
_23ed. _a801.01 / _bB26 |
||
| 100 |
_aBaumgarten _935786 |
||
| 245 | _aReflexiones filosóficas acerca de la poesía / | ||
| 260 |
_aBuenos Aires : _bAguilar, _c1964. |
||
| 300 |
_a89 páginas ; _c16 cm. |
||
| 440 |
_aBiblioteca de iniciación filosófica ; _n27 _935787 |
||
| 505 | _aContenido: Breve noticia biográfica sobre Baumgarten -- Reflexiones filosóficas acerca de la poesía . | ||
| 650 |
_aPoesía _9139 |
||
| 650 |
_aFilosofía _9395 |
||
| 650 |
_aLiteratura _983 |
||
| 650 |
_aEstética _9589 |
||
| 700 |
_aMíguez, José Antonio (traductor) _935788 |
||
| 942 |
_2ddc _cLIBROS |
||
| 945 |
_aacv _d2019-05-03 |
||